<?xml version="1.0" encoding="UTF-8"?>
<collection xmlns="http://www.loc.gov/MARC21/slim">
  <record>
    <leader>00000nam  2200000   4500</leader>
    <controlfield tag="001">INLIS000000000016349</controlfield>
    <controlfield tag="005">20231027020407</controlfield>
    <datafield tag="035" ind1="#" ind2="#">
      <subfield code="a">0010-1023000431</subfield>
    </datafield>
    <controlfield tag="007">ta</controlfield>
    <controlfield tag="008">231027################g##########1#ind##</controlfield>
    <datafield tag="020" ind1="#" ind2="#">
      <subfield code="a">978-602-17715-5-6</subfield>
    </datafield>
    <datafield tag="082" ind1="#" ind2="#">
      <subfield code="a">811</subfield>
    </datafield>
    <datafield tag="084" ind1="#" ind2="#">
      <subfield code="a">811 ADI m</subfield>
    </datafield>
    <datafield tag="100" ind1=" " ind2="#">
      <subfield code="a">Adi Heru Sutomo</subfield>
    </datafield>
    <datafield tag="245" ind1="1" ind2="#">
      <subfield code="a">MamaConga Berpuisi /</subfield>
      <subfield code="c">Adi Heru Sutomo</subfield>
    </datafield>
    <datafield tag="260" ind1="#" ind2="#">
      <subfield code="a">Sleman :</subfield>
      <subfield code="b">Yasatri,</subfield>
      <subfield code="c">2022</subfield>
    </datafield>
    <datafield tag="300" ind1="#" ind2="#">
      <subfield code="a">viii, 148 hal. ;</subfield>
      <subfield code="c">21 cm</subfield>
    </datafield>
    <datafield tag="700" ind1=" " ind2="#">
      <subfield code="a">Arif Faisal, Artomo Supajagad., dkk</subfield>
    </datafield>
    <datafield tag="520" ind1="#" ind2="#">
      <subfield code="a">MamaConga atau Masyarakat Complex Ngasem adalah komunitas mahasiswa UGM yang pernah menjalani kegiatan pendidikan entah kuliah dan/atau praktikum di kompleks Mangkuben Yogyakarta. Anggota MamaConga mengungkapkan pengalaman yang indah dan kaya ini lewat puisi untuk generasi kini. Juga untuk mengenang orang yang dicintai yang sudah tiada. Mengingatkan generasi kemudian tentang filsafat dan pedoman hidup untuk menggapai cita-cita masa depan. Untuk selalu ramah kepada alam dan lingkungan. MamaConga ingin mendorong anak-anak muda untuk mencintai puisi, merupakan salah satu upaya melatih Olah Rasa dan Olah Jiwa untuk memupuk kemampuan berempati dan menghargai keragaman dalam masyarakat majemuk dan mencintai alam semesta serta lingkungan karta Sang Pencipta.</subfield>
    </datafield>
    <datafield tag="856" ind1="#" ind2="#">
      <subfield code="a">Perpustakaan LAN Pusat</subfield>
    </datafield>
    <datafield tag="990" ind1="#" ind2="#">
      <subfield code="a">231019817</subfield>
    </datafield>
  </record>
</collection>
